Nghiên cứu phương thức chuyển đổi thức ănương cà lóc bông ( Channa micropeltes) : Luận văn tốt nghiệp cao học ngành nuôi trồng thuỷ sản
điều tra tình hình sử dụng thức ăn ương cá lóc bông tại Đồng Tháp, xác định thời điểm và phương pháp chuyển đổi từ thức ăn tươi sống sang thức ăn chế biến, thử nghiệm chuyển đổi thức ăn chế biến ương cá lóc bông trong giai lưới....
Đã lưu trong:
| Hovedforfatter: | |
|---|---|
| Format: | Bog |
| Sprog: | Undetermined |
| Udgivet: |
Cần Thơ
Trường Đại học Cần Thơ
2011
|
| Fag: | |
| Tags: |
Tilføj Tag
Ingen Tags, Vær først til at tagge denne postø!
|
| Thư viện lưu trữ: | Trung tâm Học liệu Trường Đại học Cần Thơ |
|---|
| LEADER | 01210nam a2200205Ia 4500 | ||
|---|---|---|---|
| 001 | CTU_171637 | ||
| 008 | 210402s9999 xx 000 0 und d | ||
| 082 | |a 639.31 | ||
| 082 | |b Y603 | ||
| 100 | |a Trịnh, Mỹ Yến | ||
| 245 | 0 | |a Nghiên cứu phương thức chuyển đổi thức ănương cà lóc bông ( Channa micropeltes) : | |
| 245 | 0 | |b Luận văn tốt nghiệp cao học ngành nuôi trồng thuỷ sản | |
| 245 | 0 | |c Trịnh Mỹ Yến ; Trần Thị Thanh Hiền, Bùi Minh Tâm (Cán bộ hướng dẫn) | |
| 260 | |a Cần Thơ | ||
| 260 | |b Trường Đại học Cần Thơ | ||
| 260 | |c 2011 | ||
| 520 | |a điều tra tình hình sử dụng thức ăn ương cá lóc bông tại Đồng Tháp, xác định thời điểm và phương pháp chuyển đổi từ thức ăn tươi sống sang thức ăn chế biến, thử nghiệm chuyển đổi thức ăn chế biến ương cá lóc bông trong giai lưới. | ||
| 650 | |a Freshwater fishes,Cá nước ngọt | ||
| 904 | |i Mai, Hải | ||
| 980 | |a Trung tâm Học liệu Trường Đại học Cần Thơ | ||